[Event "51 CIS serie B/4"]
[Site "?"]
[Date "2019.03.17"]
[Round "5.4"]
[White "Cecchetto, Vanni"]
[Black "Pani, Paolo"]
[Result "1-0"]
[WhiteElo "1789"]
[BlackElo "1833"]
[PlyCount "71"]
[EventDate "2019.??.??"]
[WhiteTeam "Clodiense 1"]
[BlackTeam "Marrubiu Red Tal"]

1. d4 d5 2. c4 c6 3. cxd5 cxd5 4. Nc3 Nf6 5. f3 Nc6 6. e4 e6 7. e5 Nd7 8. f4 a6
9. a4 Bb4 10. Nf3 Qa5 11. Qc2 Nb6 12. Bd2 Nc4 13. Bxc4 dxc4 14. O-O Bxc3 15.
Bxc3 Qd5 16. Rad1 b5 17. Be1 Bb7 18. f5 O-O-O 19. Kh1 Kb8 20. Ng5 Rd7 21. fxe6
fxe6 22. Bg3 Nd8 23. Nh3 Kc8 24. Nf4 Qc6 25. Rfe1 Re8 26. Bh4 g6 27. Bf6 g5 28.
Bxg5 Rg8 29. Bf6 Rf7 30. d5 exd5 31. Rxd5 Rd7 32. Qf5 Kc7 33. Red1 Rxd5 34.
Rxd5 Re8 35. h3 Ne6 36. Rd6 1-0

[Event "51 CIS serie B/4"]
[Site "?"]
[Date "2019.03.17"]
[Round "5.1"]
[White "Rossi, Carlo"]
[Black "Lezzerini, Marco"]
[Result "1/2-1/2"]
[WhiteElo "2253"]
[BlackElo "2089"]
[PlyCount "81"]
[EventDate "2019.??.??"]
[WhiteTeam "Marostica Lasker"]
[BlackTeam "Alto Garda"]

1. e4 e6 2. Nf3 d5 3. Nc3 Nf6 4. e5 Nfd7 5. d4 c5 6. Bb5 Nc6 7. O-O Be7 8. Re1
O-O 9. Ne2 a6 10. Bxc6 bxc6 11. c3 cxd4 12. cxd4 c5 13. Nf4 Bb7 14. Nh5 Rc8 15.
Qd2 cxd4 16. Nxd4 Nc5 17. Qf4 g6 18. Qg4 Nd3 19. Bh6 Nxe1 20. Rxe1 Re8 21. Ng7
Qa5 22. Rd1 Rf8 23. Nh5 Qxa2 24. Bxf8 Kxf8 25. Nf6 Bxf6 26. exf6 Qxb2 27. Nxe6+
Kg8 28. Nd4 Rc1 29. h4 Rxd1+ 30. Qxd1 Qb6 31. h5 Qxf6 32. h6 Qf4 33. Qe1 Qxh6
34. Qe5 Qc1+ 35. Kh2 Qh6+ 36. Kg1 Qf8 37. Qf6 a5 38. Nf5 gxf5 39. Qg5+ Qg7 40.
Qd8+ Qf8 41. Qg5+ 1/2-1/2

[Event "51 CIS serie B/4"]
[Site "?"]
[Date "2019.03.17"]
[Round "5.2"]
[White "Mora, Massimo"]
[Black "Micheli, Carlo"]
[Result "0-1"]
[WhiteElo "1907"]
[BlackElo "2224"]
[PlyCount "80"]
[EventDate "2019.??.??"]
[WhiteTeam "Alto Garda"]
[BlackTeam "Marostica Lasker"]

1. d4 Nf6 2. Nf3 e6 3. Bg5 c5 4. c3 d5 5. e3 Nc6 6. Be2 Be7 7. Nbd2 b6 8. O-O
Bb7 9. Re1 h6 10. Bxf6 Bxf6 11. Nf1 O-O 12. Ng3 g6 13. Qc2 Bg7 14. Rad1 Qe7 15.
Bb5 Na5 16. Qe2 a6 17. Bd3 Nc6 18. Bb1 f5 19. Qd2 Rad8 20. Ne2 g5 21. g3 e5 22.
dxe5 Bxe5 23. Qc2 Qg7 24. Qb3 b5 25. a4 b4 26. cxb4 Nxb4 27. Nxe5 Qxe5 28. Rc1
Qe7 29. Qc3 Rc8 30. Red1 d4 31. Qd2 Bf3 32. Rc4 dxe3 33. Qe1 Rce8 34. Rxb4 cxb4
35. Ba2+ Kh7 36. Bc4 Qc5 37. Bxa6 Rd8 38. Rxd8 Rxd8 39. Kf1 Rd2 40. Bb5 Qd5 0-1

[Event "51 CIS serie B/4"]
[Site "?"]
[Date "2019.03.17"]
[Round "5.3"]
[White "Sader, Michael"]
[Black "Lombardo, Filippo"]
[Result "1/2-1/2"]
[WhiteElo "2216"]
[BlackElo "1723"]
[PlyCount "52"]
[EventDate "2019.??.??"]
[WhiteTeam "Marostica Lasker"]
[BlackTeam "Alto Adige"]

1. c4 e5 2. Nc3 Nf6 3. g3 Bb4 4. Bg2 O-O 5. Nf3 Nc6 6. O-O d6 7. Qb3 Bxc3 8.
Qxc3 Rb8 9. b4 Bg4 10. Re1 Re8 11. b5 Bxf3 12. Bxf3 Nd4 13. Bg2 a6 14. a4 axb5
15. axb5 Qd7 16. e3 Ne6 17. Bb2 Ng5 18. h4 Nh3+ 19. Kf1 Qf5 20. Bxh3 Qxh3+ 21.
Ke2 Ne4 22. Qb4 Qg2 23. Bc3 Qxf2+ 24. Kd3 Qf5 25. Rf1 Nc5+ 26. Ke2 Qg4+ 1/2-1/2

[Event "51 CIS serie B/4"]
[Site "?"]
[Date "2019.03.17"]
[Round "5.4"]
[White "Arifi, Krenar"]
[Black "Thurner, Markus"]
[Result "0-1"]
[WhiteElo "1622"]
[BlackElo "1997"]
[PlyCount "110"]
[EventDate "2019.??.??"]
[WhiteTeam "Alto Adige"]
[BlackTeam "Marostica Lasker"]

1. Nf3 e6 2. d4 f5 3. g3 Nf6 4. Bg2 Be7 5. c4 d6 6. Nc3 O-O 7. O-O Qe8 8. Re1
Qg6 9. Qc2 Nbd7 10. b3 Ne4 11. Nd2 Nxc3 12. Qxc3 c5 13. Nf3 Bf6 14. Bb2 e5 15.
dxe5 dxe5 16. e4 fxe4 17. Nd2 e3 18. Rxe3 e4 19. Qc2 Bd4 20. Bxd4 cxd4 21. Bxe4
Qh6 22. Bd5+ Kh8 23. Re4 d3 24. Qxd3 Nc5 25. Qe3 Nxe4 26. Qxh6 gxh6 27. Nxe4
Rb8 28. Nd6 Rf6 29. Nxc8 Rxc8 30. Bxb7 Rc7 31. Bd5 Re7 32. Kf1 Kg7 33. Re1
Rxe1+ 34. Kxe1 Kf8 35. f3 Ke7 36. Ke2 Kd6 37. Bg8 Kc5 38. Bxh7 Kd4 39. Be4 Ra6
40. Bb1 Kc3 41. Ke3 Kb2 42. Bd3 Rxa2 43. c5 Kxb3 44. c6 Ra5 45. Be4 Kc4 46. f4
Ra3+ 47. Kf2 Kd4 48. Bg2 a5 49. g4 Rc3 50. g5 hxg5 51. fxg5 Ke5 52. Ke2 a4 53.
Kd2 Rc5 54. g6 Kf6 55. Be4 a3 0-1

[Event "51 CIS serie B/4"]
[Site "?"]
[Date "2019.03.17"]
[Round "5.1"]
[White "Sgaravatti, Francesco"]
[Black "Tiraboschi, Nicolò"]
[Result "1-0"]
[WhiteElo "2106"]
[BlackElo "2181"]
[PlyCount "137"]
[EventDate "2019.??.??"]
[WhiteTeam "CIB Unigas Canal VE"]
[BlackTeam "Excelsior A"]

1. e4 e5 2. Nf3 Nc6 3. Bb5 a6 4. Ba4 Nf6 5. Qe2 b5 6. Bb3 Bc5 7. a4 Rb8 8. Nc3
O-O 9. O-O d6 10. h3 Ne7 11. axb5 axb5 12. Rd1 Ng6 13. d4 exd4 14. Nxd4 Bb7 15.
f3 Nh5 16. Kh2 Kh8 17. Nf5 Nhf4 18. Qf1 Bc8 19. g3 Nh5 20. Nxb5 Ne7 21. Nbd4
Nxf5 22. exf5 Bb7 23. Ne2 Ra8 24. Bd2 Kg8 25. Nf4 Nxf4 26. Bxf4 Qf6 27. Rxa8
Bxa8 28. Re1 Bb6 29. Qd3 Qxb2 30. Bg5 Qd4 31. Qxd4 Bxd4 32. Kg2 h6 33. Bh4 d5
34. Rd1 c5 35. Re1 c4 36. Ba4 Bc5 37. Be7 Bxe7 38. Rxe7 Rd8 39. c3 Kf8 40. Ra7
Rb8 41. Kf2 h5 42. Ke3 h4 43. g4 Kg8 44. g5 Bb7 45. Kf4 d4 46. cxd4 Bd5 47. Rd7
Ba8 48. Rc7 Bd5 49. Bc6 Bxc6 50. Rxc6 Rb4 51. g6 fxg6 52. fxg6 Kf8 53. Ke5 Rb3
54. Rxc4 Rxf3 55. Rc8+ Ke7 56. Rc7+ Kf8 57. d5 Rxh3 58. d6 Re3+ 59. Kf4 Re8 60.
Rf7+ Kg8 61. d7 Ra8 62. Kg4 Ra4+ 63. Kh3 Ra8 64. Kxh4 Ra4+ 65. Kg5 Ra5+ 66. Kf4
Ra4+ 67. Ke5 Ra5+ 68. Kd6 Ra8 69. Ke7 1-0

[Event "51 CIS serie B/4"]
[Site "?"]
[Date "2019.03.17"]
[Round "5.2"]
[White "Bonassi, Tommaso"]
[Black "Pastres, Roberto"]
[Result "1/2-1/2"]
[WhiteElo "2127"]
[BlackElo "2055"]
[PlyCount "69"]
[EventDate "2019.??.??"]
[WhiteTeam "Excelsior A"]
[BlackTeam "CIB Unigas Canal VE"]

1. e4 c5 2. Nf3 Nc6 3. Bb5 g6 4. Bxc6 dxc6 5. O-O Bg7 6. h3 b6 7. Re1 e5 8. d3
h6 9. Nbd2 Be6 10. b3 Ne7 11. Bb2 Qc7 12. a4 g5 13. Nc4 Ng6 14. Ne3 Qd7 15. Nh2
O-O-O 16. Nhf1 h5 17. Ng3 g4 18. Ngf5 Bh6 19. hxg4 Bxe3 20. Rxe3 hxg4 21. Qxg4
Rdg8 22. Rg3 f6 23. Qf3 Nf4 24. Rxg8+ Rxg8 25. g3 Kb7 26. Kf1 Bxf5 27. exf5 Nd5
28. Ke2 Rg5 29. Rh1 Rxf5 30. Qe4 Rg5 31. Rh6 Qf7 32. Qh7 Rg7 33. Qf5 Qd7 34.
Qxd7+ Rxd7 35. Rh4 1/2-1/2

[Event "51 CIS serie B/4"]
[Site "?"]
[Date "2019.03.17"]
[Round "5.3"]
[White "Bianchi, Andrea"]
[Black "Colonetti, Fabio"]
[Result "1-0"]
[WhiteElo "2088"]
[BlackElo "2052"]
[PlyCount "157"]
[EventDate "2019.??.??"]
[WhiteTeam "CIB Unigas Canal VE"]
[BlackTeam "Excelsior A"]

1. e4 Nf6 2. e5 Nd5 3. d4 d6 4. Nf3 dxe5 5. Nxe5 c6 6. Bc4 g6 7. O-O Bg7 8. c3
O-O 9. Re1 Nd7 10. Nd3 N7f6 11. Nd2 Bf5 12. Nf3 Qc7 13. Nfe5 Rad8 14. Qf3 b6
15. g4 Be6 16. Bb3 b5 17. Nc5 Bc8 18. a4 a6 19. Bd2 Ne8 20. Ned3 Nef6 21. h3
Nd7 22. axb5 Nxc5 23. Nxc5 axb5 24. Nd3 Bb7 25. Qg3 Qxg3+ 26. fxg3 e6 27. Ra7
Bc8 28. Ne5 Bxe5 29. Rxe5 Rd7 30. Ra8 Bb7 31. Rxf8+ Kxf8 32. Re1 Rd8 33. Ra1
Ra8 34. Rxa8+ Bxa8 35. Bc2 Bb7 36. b3 Ba6 37. Bd3 Nb6 38. Kf2 Ke7 39. Ke2 Kd6
40. Bh6 Ke7 41. Bc1 Nd5 42. Kd2 Kd7 43. g5 Ne7 44. g4 Nd5 45. Kc2 Nb6 46. Bf4
Nd5 47. Be5 Ne3+ 48. Kd2 Nd5 49. c4 bxc4 50. bxc4 Nb4 51. Bf1 c5 52. dxc5 Nc6
53. Bg7 Kc7 54. Kc3 Kd7 55. Bd3 Kc7 56. Bc2 Bc8 57. Ba4 Bd7 58. Bb5 Kd8 59. Bf8
Kc7 60. Bd6+ Kd8 61. Kd3 Kc8 62. Ke4 Kd8 63. Kf4 Ke8 64. h4 Kd8 65. h5 Ke8 66.
h6 f6 67. gxf6 Kf7 68. g5 Ke8 69. Be7 e5+ 70. Ke4 Kf7 71. Bxc6 Bxc6+ 72. Kxe5
Ba4 73. Kd6 Bb3 74. Kd5 Ke8 75. c6 Bc2 76. Kd6 Bf5 77. Kc7 Be6 78. c5 Bf5 79.
Kb8 1-0

[Event "51 CIS serie B/4"]
[Site "?"]
[Date "2019.03.17"]
[Round "5.4"]
[White "Cappelletto, Joshuaede"]
[Black "Bertaglia, Luca"]
[Result "1-0"]
[WhiteElo "2097"]
[BlackElo "2066"]
[PlyCount "79"]
[EventDate "2019.??.??"]
[WhiteTeam "Excelsior A"]
[BlackTeam "CIB Unigas Canal VE"]

1. e4 c5 2. Nc3 Nc6 3. f4 g6 4. Nf3 Bg7 5. Bc4 e6 6. O-O Nge7 7. Qe1 a6 8. a4
Nd4 9. Nxd4 cxd4 10. Nd1 d5 11. Bb3 dxe4 12. Qxe4 O-O 13. d3 Rb8 14. a5 Bd7 15.
Nf2 Bc6 16. Qe2 Nf5 17. Ng4 Bd5 18. Bxd5 exd5 19. Ne5 Re8 20. Qf2 Rc8 21. Re1
Qe7 22. g4 Nh6 23. h3 Qc5 24. Nf3 Rxe1+ 25. Nxe1 f5 26. g5 Nf7 27. b3 Re8 28.
Nf3 Nd8 29. Bb2 Nc6 30. Ra4 Re6 31. Nxd4 Nxd4 32. Bxd4 Qe7 33. Kf1 Bxd4 34.
Rxd4 Qa3 35. Rxd5 Qc1+ 36. Kg2 Qd1 37. Re5 Rc6 38. Re2 Kf7 39. Kg3 Qc1 40. Qd4
1-0

[Event "51 CIS serie B/5"]
[Site "?"]
[Date "2019.03.15"]
[Round "1.1"]
[White "Luchsinger, Eric"]
[Black "Viaggi, Stefano"]
[Result "1/2-1/2"]
[WhiteElo "2110"]
[BlackElo "2016"]
[PlyCount "82"]
[WhiteTeam "S.S. Bergamo"]
[BlackTeam "M.I.C.H.A. Knights"]

1. c4 g6 2. Nc3 Bg7 3. g3 e5 4. Bg2 Nc6 5. e4 d6 6. Nge2 Bg4 7. f3 Be6 8. d3 f5
9. Be3 Nf6 10. Nd5 O-O 11. Qd2 Qd7 12. O-O Rac8 13. Rae1 b6 14. b3 Ne7 15. Kh1
c6 16. Nxe7+ Qxe7 17. d4 Rfd8 18. Bg5 Qf8 19. d5 cxd5 20. cxd5 Bd7 21. Rc1 Rxc1
22. Rxc1 Rc8 23. Rxc8 Qxc8 24. Qc3 Kf7 25. Qxc8 Bxc8 26. Nc3 Ba6 27. Kg1 fxe4
28. fxe4 Bd3 29. Bxf6 Bxf6 30. Bf1 Bxf1 31. Kxf1 a6 32. Ke2 h5 33. Kf3 b5 34.
Ke2 Ke7 35. Kd3 Kd7 36. a4 bxa4 37. Nxa4 Bd8 38. Kc4 Ba5 39. b4 Bd8 40. Nc3 Bb6
41. Ne2 Bf2 1/2-1/2

[Event "51 CIS serie B/5"]
[Site "?"]
[Date "2019.03.15"]
[Round "1.2"]
[White "Bordignon, Angelo"]
[Black "Minieri, Filippo"]
[Result "1-0"]
[WhiteElo "2004"]
[BlackElo "2105"]
[PlyCount "63"]
[WhiteTeam "M.I.C.H.A. Knights"]
[BlackTeam "S.S. Bergamo"]

1. c4 e5 2. Nc3 f5 3. e3 Nf6 4. g3 d6 5. Bg2 c6 6. d4 e4 7. Nge2 Be6 8. d5 Bf7
9. Qa4 Nbd7 10. O-O Nb6 11. Qd1 Nxc4 12. f3 cxd5 13. fxe4 fxe4 14. Bh3 Qb6 15.
Qa4+ Qc6 16. Qd1 Ne5 17. Nd4 Qc4 18. Rf5 a6 19. Bd2 Bg6 20. Bf1 Qc8 21. Rxf6
gxf6 22. Nxd5 b5 23. Rc1 Qb7 24. Nc7+ Kf7 25. Qb3+ Kg7 26. Nce6+ Kh6 27. Rc7
Qb6 28. h4 Re8 29. h5 Rxe6 30. Qxe6 Qxc7 31. Qxf6 Qf7 32. Nf5+ 1-0

[Event "51 CIS serie B/5"]
[Site "?"]
[Date "2019.03.15"]
[Round "1.3"]
[White "Rigamonti, Stefano"]
[Black "Battagin, Mosè"]
[Result "0-1"]
[WhiteElo "2090"]
[BlackElo "1757"]
[PlyCount "116"]
[EventDate "2019.??.??"]
[WhiteTeam "S.S. Bergamo"]
[BlackTeam "M.I.C.H.A. Knights"]

1. e4 c5 2. Nf3 d6 3. d4 cxd4 4. Nxd4 Nf6 5. Nc3 g6 6. Be3 Bg7 7. f3 O-O 8. Bc4
Nc6 9. Qd2 Bd7 10. g4 Ne5 11. Be2 Qa5 12. Bh6 Bxh6 13. Qxh6 Rac8 14. Nb3 Qb4
15. a3 Qb6 16. h4 Be6 17. h5 Rxc3 18. bxc3 Rc8 19. Nd4 d5 20. hxg6 fxg6 21.
Nxe6 Qxe6 22. exd5 Qxd5 23. f4 Nf3+ 24. Bxf3 Qxf3 25. Qh3 Qxf4 26. g5 Qe5+ 27.
Kf1 Rxc3 28. Qg2 Ne4 29. Rh3 Rxh3 30. Qxh3 Qxa1+ 31. Kg2 Nxg5 32. Qc8+ Kg7 33.
Qxb7 Qxa3 34. Qc7 Qf3+ 35. Kh2 Qf2+ 36. Kh1 Qf3+ 37. Kh2 Qe2+ 38. Kg3 Ne4+ 39.
Kh3 Qf1+ 40. Kh2 Qf2+ 41. Kh3 Qg3+ 42. Qxg3 Nxg3 43. Kxg3 Kf6 44. Kf4 a5 45.
Ke4 Ke6 46. Kd4 h5 47. Kc5 h4 48. Kb6 Kd5 49. Kb5 Kd6 50. Kb6 a4 51. c4 Kd7 52.
Kb7 h3 53. c5 h2 54. c6+ Ke6 55. c7 h1=Q+ 56. Kb8 Qb1+ 57. Kc8 Qc2 58. Kd8
Qxc7+ 0-1

[Event "51 CIS serie B/5"]
[Site "?"]
[Date "2019.03.15"]
[Round "1.1"]
[White "Boscolo, Federico"]
[Black "Caposciutti, Maurizio"]
[Result "1/2-1/2"]
[WhiteElo "2304"]
[BlackElo "2329"]
[PlyCount "65"]
[EventDate "2019.??.??"]
[WhiteTeam "Clodiense 2 Chioggia"]
[BlackTeam "Mattoallaprossima"]

1. e4 c6 2. d4 d5 3. e5 c5 4. dxc5 Nc6 5. a3 e6 6. Nf3 Bxc5 7. b4 Bb6 8. Bb2
Nge7 9. Bd3 Ng6 10. O-O Nf4 11. Re1 Nxd3 12. Qxd3 O-O 13. Nbd2 Ne7 14. Nd4 Bd7
15. N2f3 Rc8 16. Rac1 a6 17. h4 Ng6 18. h5 Nh4 19. h6 g6 20. Qd2 Rc4 21. Re3
Qe7 22. Rd3 Rfc8 23. Nh2 Bd8 $11 24. Ng4 Qg5 25. Qxg5 Bxg5 26. Rf1 Nf5 27. f4
Bd8 28. c3 Rxd4 29. cxd4 Bb5 30. Rc3 Rxc3 31. Bxc3 Bxf1 32. Kxf1 Ng3+ 33. Ke1
1/2-1/2

[Event "51 CIS serie B/5"]
[Site "?"]
[Date "2019.03.15"]
[Round "1.2"]
[White "Russo, Leonardo"]
[Black "Vianello, Enrico"]
[Result "1/2-1/2"]
[WhiteElo "2061"]
[BlackElo "2093"]
[PlyCount "67"]
[EventDate "2019.??.??"]
[WhiteTeam "Mattoallaprossima"]
[BlackTeam "Clodiense 2 Chioggia"]

1. e4 c5 2. Nf3 e6 3. c4 Nc6 4. Nc3 Nd4 5. Nxd4 cxd4 6. Ne2 e5 7. Ng3 Nf6 8.
Be2 d6 9. d3 Be7 10. O-O Rb8 11. f4 b5 12. fxe5 dxe5 13. cxb5 Rxb5 14. Nf5 Bxf5
15. Rxf5 Nd7 16. Qf1 O-O 17. Bd1 Rb6 18. Bb3 Rf6 19. Bd2 Nc5 20. Bc4 Na4 21.
Rxf6 Bxf6 22. Bb5 Nb6 23. Qf5 Qc8 24. Qxc8 Rxc8 25. Rc1 Rxc1+ 26. Bxc1 Be7 27.
Bd2 Kf8 28. a4 Bd6 29. a5 Na8 30. a6 Ke7 31. Ba5 Bc7 32. Bb4+ Bd6 33. Ba5 Bc7
34. Bb4+ 1/2-1/2

[Event "51 CIS serie B/5"]
[Site "?"]
[Date "2019.03.15"]
[Round "1.3"]
[White "Bellemo, Davide"]
[Black "Marcucci, Massimiliano"]
[Result "1/2-1/2"]
[WhiteElo "2104"]
[BlackElo "1788"]
[PlyCount "174"]
[EventDate "2019.??.??"]
[WhiteTeam "Clodiense 2 Chioggia"]
[BlackTeam "Mattoallaprossima"]

1. d4 d6 2. c4 g6 3. Nc3 Bg7 4. Nf3 Nf6 5. e4 O-O 6. Be2 e5 7. O-O Nc6 8. d5
Ne7 9. Ne1 Nd7 10. Be3 f5 11. f3 f4 12. Bf2 g5 13. Rc1 Ng6 14. Nd3 h5 15. c5
Nf6 16. cxd6 cxd6 17. Nb5 Rf7 18. Nxa7 Bd7 19. Qb3 g4 20. Qb6 Qf8 21. Be1 g3
22. h3 Nh4 23. Bb4 Ne8 24. Nb5 Bxh3 25. gxh3 Qe7 26. Nxd6 Ra6 27. Nf5 Nxf5 28.
Bxe7 Rxb6 29. Bd8 Nd4 30. Bxb6 Nxe2+ 31. Kg2 Nxc1 32. Rxc1 Nd6 33. Rc7 Bf6 34.
a4 Rxc7 35. Bxc7 Nc4 36. b3 Ne3+ 37. Kg1 Kf7 38. Nxe5+ Ke8 39. d6 Bxe5 40. d7+
Kxd7 41. Bxe5 Nc2 42. Bxf4 Ne1 43. Bxg3 Nxf3+ 44. Kf2 Nd2 45. Ke3 Nxb3 46. Kf4
Nc5 47. a5 Ke6 48. e5 Nb3 49. Be1 Nd4 50. Ke4 Nb3 51. Bb4 Nc1 52. Bd2 Nb3 53.
Bc3 Nc5+ 54. Kf4 Nd3+ 55. Ke3 Nc5 56. Kd4 Nd7 57. Kc4 Nf8 58. Bb4 Ng6 59. Bc3
Nf4 60. Kb5 Kd7 61. h4 Ne6 62. Kb6 Kc8 63. Bd2 Kb8 64. Be3 Kc8 65. Bc5 Nf4 66.
Bd6 Ne6 67. Kb5 Kd7 68. Kb6 Kc8 69. Be7 Nf4 70. Bg5 Ne6 71. Bf6 Nf4 72. Kc5 Kd7
73. Kd4 Ke6 74. Ke4 Ng6 75. Kd4 Nf4 76. Kc5 Kd7 77. Bg5 Ne6+ 78. Kd5 Nc7+ 79.
Ke4 Ke6 80. Bf6 Nd5 81. Bg7 Nb4 82. Kf4 Nc6 83. Bf8 Nxa5 84. Bd6 Nc4 85. Bb4
Nxe5 86. Kg5 Nf3+ 87. Kxh5 Nxh4 1/2-1/2

[Event "51 CIS serie B/5"]
[Site "?"]
[Date "2019.03.15"]
[Round "1.4"]
[White "Baldo, GentileGiona Gabriel"]
[Black "Aprile, Martino"]
[Result "0-1"]
[WhiteElo "1541"]
[BlackElo "1979"]
[PlyCount "58"]
[EventDate "2019.??.??"]
[WhiteTeam "Mattoallaprossima"]
[BlackTeam "Clodiense 2 Chioggia"]

1. c4 Nf6 2. Nc3 c5 3. Nf3 Nc6 4. g3 g6 5. Bg2 Bg7 6. e3 O-O 7. d4 cxd4 8. exd4
d5 9. cxd5 Nxd5 10. O-O Nb6 11. Ne2 Be6 12. b3 Bd5 13. Bb2 a5 14. Nf4 Bxf3 15.
Qxf3 Bxd4 16. Rad1 e5 17. Ne2 Qd6 18. Nxd4 Nxd4 19. Qxb7 Rad8 20. Qa6 Qb4 21.
Rc1 Rd6 22. Rfe1 Na4 23. Ba3 Qxa3 24. Qxa5 Ne2+ 25. Rxe2 Qxc1+ 26. Bf1 Rd1 27.
Qxa4 Rxf1+ 28. Kg2 Rg1+ 29. Kh3 Qf1+ 0-1

[Event "51 CIS serie B/5"]
[Site "?"]
[Date "2019.03.15"]
[Round "1.1"]
[White "Zenari, Marco"]
[Black "Tirelli, Mauro"]
[Result "1/2-1/2"]
[WhiteElo "2174"]
[BlackElo "2259"]
[PlyCount "120"]
[EventDate "2019.??.??"]
[WhiteTeam "Valpolicella 1"]
[BlackTeam "Scacchi Club Piacenza"]

1. e4 c5 2. Nf3 Nc6 3. d4 cxd4 4. Nxd4 Nf6 5. Nc3 e5 6. Ndb5 d6 7. Bg5 a6 8.
Na3 b5 9. Nd5 Be7 10. Bxf6 Bxf6 11. c3 Bg5 12. Nc2 O-O 13. a4 bxa4 14. Rxa4 a5
15. Bc4 Rb8 16. b3 Kh8 17. Nce3 Ne7 18. Nxe7 Qxe7 19. Nf5 Bxf5 20. exf5 e4 21.
O-O e3 22. fxe3 Qxe3+ 23. Kh1 Qxc3 24. Qxd6 Rbd8 25. Qc5 Bd2 26. Ra2 Rfe8 27.
f6 gxf6 28. Qf5 Rd6 29. Rc2 Qe5 30. Qf2 Bg5 31. Re2 Be3 32. Qf3 f5 33. g3 Qe4
34. Qxe4 Rxe4 35. Rxf5 a4 36. Bd5 Rd4 37. bxa4 R6xd5 38. Rxd5 Rxd5 39. Rxe3 Kg7
40. Ra3 Ra5 41. Kg2 Kg6 42. Kf3 Kf5 43. Ke3 h5 44. Kd4 h4 45. gxh4 Kg4 46. Kc4
f5 47. Kb4 Ra8 48. a5 f4 49. a6 f3 50. Kb5 Re8 51. Ra4+ Kh3 52. a7 f2 53. Rf4
Kg2 54. Kb6 f1=Q 55. Rxf1 Kxf1 56. h5 Kg2 57. h6 Kxh2 58. h7 Kg3 59. Kb7 Re7+
60. Kc6 Re8 1/2-1/2

[Event "51 CIS serie B/5"]
[Site "?"]
[Date "2019.03.15"]
[Round "1.2"]
[White "Bonadè, Massimo"]
[Black "Fratton, Zeno"]
[Result "1-0"]
[WhiteElo "2145"]
[BlackElo "2067"]
[PlyCount "107"]
[EventDate "2019.??.??"]
[WhiteTeam "Scacchi Club Piacenza"]
[BlackTeam "Valpolicella 1"]

1. e4 c5 2. Nf3 e6 3. d4 cxd4 4. Nxd4 Nf6 5. Nc3 Nc6 6. Ndb5 Bb4 7. a3 Bxc3+ 8.
Nxc3 d5 9. exd5 exd5 10. Bd3 O-O 11. O-O d4 12. Ne2 Bg4 13. f3 Bh5 14. Bg5 Qd6
15. Qd2 Nd5 16. Nf4 Nxf4 17. Bxf4 Qc5 18. Rfe1 Rfe8 19. Rxe8+ Rxe8 20. Re1 f6
21. Rxe8+ Bxe8 22. Qe1 Ne5 23. Bxe5 Qxe5 24. Qe4 g6 25. f4 Qxe4 26. Bxe4 Bc6
27. Bd3 Kf7 28. Kf2 Ke6 29. g3 Bd5 30. Ke2 f5 31. Kd2 Be4 32. Bc4+ Kd6 33. h4
Ke7 34. c3 dxc3+ 35. Kxc3 h6 36. Kd4 Kf6 37. Bd5 Bc2 38. Bxb7 g5 39. hxg5+ hxg5
40. b4 gxf4 41. gxf4 Ke6 42. Kc5 Bd1 43. Bc8+ Kf6 44. Kd6 Be2 45. a4 Bd1 46. a5
Be2 47. Bd7 a6 48. Kc5 Bd3 49. b5 Ke7 50. Bc6 Kd8 51. b6 Kc8 52. Kd4 Bc2 53.
Ke5 Bd3 54. Bd5 1-0

[Event "51 CIS serie B/5"]
[Site "?"]
[Date "2019.03.15"]
[Round "1.3"]
[White "Bertani, Gianfranco"]
[Black "Tencati, Giuseppe"]
[Result "1/2-1/2"]
[WhiteElo "1935"]
[BlackElo "2160"]
[PlyCount "114"]
[EventDate "2019.??.??"]
[WhiteTeam "Valpolicella 1"]
[BlackTeam "Scacchi Club Piacenza"]

1. d4 d5 2. Bf4 Nf6 3. Nf3 Bf5 4. e3 e6 5. Bb5+ c6 6. Be2 h6 7. h3 Bd6 8. Ne5
O-O 9. Nd2 c5 10. O-O Nc6 11. c3 Rc8 12. Ndf3 Qc7 13. Rc1 c4 14. b4 Ne4 15.
Nxc6 Qxc6 16. Bxd6 Qxd6 17. Nd2 b5 18. Nxe4 Bxe4 19. a4 a5 20. f3 Bg6 21. bxa5
Ra8 22. axb5 Rxa5 23. Ra1 Rfa8 24. Rxa5 Rxa5 25. Qd2 Qa3 26. e4 Rxb5 27. exd5
exd5 28. Qe3 Kh7 29. f4 Bc2 30. f5 Rb1 31. Rxb1 Bxb1 32. Bf3 Qa5 33. Qe5 Qxc3
34. Bxd5 Qc1+ 35. Kh2 Qg5 36. Bxf7 Qxf5 37. Qxf5+ Bxf5 38. Bxc4 Kg6 39. Kg3 Kf6
40. Kf4 g5+ 41. Ke3 h5 42. Bd5 h4 43. Be4 Bd7 44. Bf3 Bf5 45. Kd2 Ke7 46. Ke3
Kf6 47. Bg4 Bb1 48. Bc8 Bg6 49. Kf3 Bc2 50. d5 Ke5 51. Kg4 Kf6 52. Kh5 Be4 53.
d6 Bxg2 54. Bg4 Bc6 55. d7 Bxd7 56. Bxd7 Kg7 57. Kxg5 Kh8 1/2-1/2

[Event "51 CIS serie B/5"]
[Site "?"]
[Date "2019.03.15"]
[Round "1.4"]
[White "De Palma, Fabrizio"]
[Black "Passon, Stefano"]
[Result "1-0"]
[WhiteElo "2064"]
[BlackElo "1728"]
[PlyCount "61"]
[EventDate "2019.??.??"]
[WhiteTeam "Scacchi Club Piacenza"]
[BlackTeam "Valpolicella 1"]

1. d4 d5 2. Nf3 Nf6 3. c4 e6 4. Nc3 c6 5. e3 Nbd7 6. Bd3 dxc4 7. Bxc4 b5 8. Bd3
Bb7 9. e4 a6 10. e5 Nd5 11. Nxd5 exd5 12. O-O Be7 13. Re1 Nf8 14. Bd2 Ne6 15.
Rc1 g5 16. Bf5 h5 17. Be3 a5 18. Qc2 a4 19. Bxe6 fxe6 20. Nxg5 Bxg5 21. Qg6+
Kd7 22. Bxg5 Qf8 23. Bf6 Rh6 24. Qg5 Rh7 25. Qg6 Rh6 26. Qc2 b4 27. Re3 Ra5 28.
Rg3 Rxf6 29. exf6 Qxf6 30. Qh7+ Kd6 31. Qxb7 1-0

[Event "51 CIS serie B/5"]
[Site "?"]
[Date "2019.03.16"]
[Round "2.1"]
[White "Rossato, Armando"]
[Black "Tirelli, Mauro"]
[Result "1/2-1/2"]
[WhiteElo "2101"]
[BlackElo "2259"]
[PlyCount "85"]
[EventDate "2019.??.??"]
[WhiteTeam "M.I.C.H.A. Knights"]
[BlackTeam "Scacchi Club Piacenza"]

1. d4 Nf6 2. Nf3 g6 3. Nc3 Bg7 4. e4 d6 5. Be3 Bg4 6. h3 Bxf3 7. Qxf3 O-O 8. g4
c5 9. dxc5 Nc6 10. O-O-O Qa5 11. Qe2 Nd7 12. cxd6 Bxc3 13. bxc3 Nb6 14. Bxb6
axb6 15. Qb5 Qxc3 16. Qb2 Qc5 17. Bb5 exd6 18. Rhf1 Nb4 19. a4 Rac8 20. c4 Na6
21. Rd5 Qc7 22. f3 Nc5 23. Rfd1 Ra8 24. Qc2 Rfd8 25. Kb1 Qe7 26. R1d2 Qf6 27.
Qd1 Qc3 28. e5 Qa3 29. Rxc5 Qb4+ 30. Ka2 Qxc5 31. exd6 Rac8 32. d7 Rc6 33. Rd5
Qf2+ 34. Rd2 Qc5 35. Bxc6 Qxc4+ 36. Qb3 Qxc6 37. Qb5 Qc3 38. Qd5 b5 39. Re2 Kg7
40. Qxb5 Rxd7 41. Qxd7 Qc4+ 42. Ka3 Qc3+ 43. Ka2 1/2-1/2

[Event "51 CIS serie B/5"]
[Site "?"]
[Date "2019.03.16"]
[Round "2.2"]
[White "Bonadè, Massimo"]
[Black "Viaggi, Stefano"]
[Result "1-0"]
[WhiteElo "2145"]
[BlackElo "2016"]
[PlyCount "147"]
[EventDate "2019.??.??"]
[WhiteTeam "Scacchi Club Piacenza"]
[BlackTeam "M.I.C.H.A. Knights"]

1. e4 g6 2. d4 Bg7 3. Nc3 a6 4. Be3 d6 5. Qd2 Nd7 6. h4 h5 7. O-O-O b5 8. f3
Bb7 9. Kb1 Rc8 10. Nh3 c5 11. Ng5 cxd4 12. Bxd4 Bxd4 13. Qxd4 Ngf6 14. g3 Qb6
15. Bh3 Qxd4 16. Rxd4 Rc7 17. a4 bxa4 18. Nxa4 O-O 19. Rhd1 Ne5 20. b3 a5 21.
c4 Rb8 22. Ka2 Bc6 23. Nb2 Rcb7 24. Nd3 Rxb3 25. Nxe5 Rb2+ 26. Ka1 R2b4 27.
R1d2 Ra4+ 28. Ra2 dxe5 29. Rdd2 Rxa2+ 30. Rxa2 Kg7 31. Bf1 Nd7 32. Rb2 Rxb2 33.
Kxb2 Nc5 34. Be2 f6 35. Nh3 f5 36. exf5 gxf5 37. Ng5 f4 38. gxf4 exf4 39. Kc3
e5 40. Bd1 Kf6 41. Be2 Kf5 42. Bd1 Ne6 43. Nxe6 Kxe6 44. Kd2 Kd6 45. Kc3 Kc5
46. Be2 Ba4 47. Bd3 Be8 48. Bc2 Bf7 49. Bb3 Be6 50. Ba4 Bf7 51. Bb5 Bg6 52. Bd7
e4 53. fxe4 Bxe4 54. Be8 Bf3 55. Kd3 Bd1 56. Kd2 Bg4 57. Kd3 Bf5+ 58. Kc3 f3
59. Bxh5 f2 60. Be2 Bh3 61. h5 f1=Q 62. Bxf1 Bxf1 63. h6 Bxc4 64. h7 a4 65.
h8=Q Bb3 66. Qd4+ Kb5 67. Qb4+ Kc6 68. Kd4 Kc7 69. Kc5 Kd7 70. Qb6 Ke7 71. Kd4
Kd7 72. Ke5 Ke7 73. Qb7+ Kf8 74. Kf6 1-0

[Event "51 CIS serie B/5"]
[Site "?"]
[Date "2019.03.16"]
[Round "2.3"]
[White "Bordignon, Angelo"]
[Black "Tencati, Giuseppe"]
[Result "0-1"]
[WhiteElo "2004"]
[BlackElo "2160"]
[PlyCount "82"]
[EventDate "2019.??.??"]
[WhiteTeam "M.I.C.H.A. Knights"]
[BlackTeam "Scacchi Club Piacenza"]

1. Nf3 d5 2. c4 c6 3. g3 Nf6 4. Bg2 Bf5 5. O-O Nbd7 6. b3 e5 7. d4 e4 8. Nh4
Be6 9. f3 exf3 10. Bxf3 dxc4 11. e4 cxb3 12. axb3 Be7 13. Be3 Nb6 14. Ng2 Bh3
15. Rf2 Bxg2 16. Kxg2 O-O 17. Rfa2 a6 18. Qg1 Nbd7 19. Bd2 Qb6 20. Nc3 Rfe8 21.
e5 Nd5 22. Nxd5 cxd5 23. Bxd5 Bb4 24. Rf1 Rf8 25. Be3 Qb5 26. Be4 Rae8 27. Bf3
f6 28. exf6 Nxf6 29. Bf4 Rd8 30. Be5 Bd6 31. Kh1 Bxe5 32. dxe5 Qxe5 33. Bxb7 a5
34. Rfa1 Qb5 35. Qg2 Ng4 36. Rxa5 Qb6 37. Bd5+ Kh8 38. Ra6 Qd4 39. Bf3 Ne5 40.
Bb7 Rf2 41. Qe4 Qd1+ 0-1